Tri thức bách khoa về những điều nên tránh

Đã lưu trong:
Bibliografiske detaljer
Format: Bog
Sprog:Undetermined
Udgivet: Cà Mau Nhà xuất bản Mũi Cà Mau 2002
Fag:
Tags: Tilføj Tag
Ingen Tags, Vær først til at tagge denne postø!
Thư viện lưu trữ: Trung tâm Học liệu Trường Đại học Cần Thơ
LEADER 00549nam a2200181Ia 4500
001 CTU_92939
008 210402s9999 xx 000 0 und d
020 |c 140000 
082 |a 001 
082 |b Tr300 
245 0 |a Tri thức bách khoa về những điều nên tránh 
245 0 |c Nguyễn Quang Thái ... [et al.] (dịch) 
260 |a Cà Mau 
260 |b Nhà xuất bản Mũi Cà Mau 
260 |c 2002 
650 |a Knowledge 
904 |i Mai Loan, QHieu 
980 |a Trung tâm Học liệu Trường Đại học Cần Thơ